00407nam a2200109Ia 4500008004100000100003300041245006500074260006900139300001100208650001000219856006800229160712s9999 xx 000 0 und d aGarcia, Carlo Paulo Pacolor. cCarlo Paulo Pacolor GarciaaAffirmations, or An HIV Rhapsody c2015bLikhaan: The Journal of Contemporary Philippine Literature avol. 9 xESSAY uhttp://journals.upd.edu.ph/index.php/lik/issue/view/539/showToc